000 00559nam a2200157Ia 4500
008 210716s2010 xx 000 0 und d
020 _a9789380501239
041 _aeng
082 _a658.162 DEPD
100 _aDepamphilis, Donald M.
245 _aMergers, acquisitions, and other restructuring activities: an integrated approach to process, tools, cases, and solutions.
_bIntegrated approach to process, tools, cases, and solutions.
250 _a5
260 _aNew Delhi
_bAcademic Press
_c2010
300 _axxxvi,751
650 _aMergers & Acqusitions
999 _c207525
_d207525